000 00564nam a2200193Ia 4500
005 20250508160703.0
008 008 250505s9999 xx 000 0 eng d
037 _aTextual
040 _aFEDL
_beng
_cFEDL
041 _aeng
_2eng
084 _a330.7, CAL
_qFEDL
100 _aCalderwood James D.
245 0 _aEconomics in the curriculum : Developmental economic education program
260 _aNew York, USA
_bJohn Wiley and Sons
_c1970
300 _a227p.
650 _aEconomics
942 _cTEXL
_h330.7, CAL
999 _c1366032
_d1366032